¿Cuánto sabes de Prison Break? - Estadísticas

Estadísticas generales
  • Esta prueba ha sido intentada 466 veces
  • La puntuación promedio es 10 de 20
Estadísticas de respuestas
Pista Respuesta % Correcto
1ª Cárcel en la que estuvieron encerrados Fox River
97%
2ª Cárcel en la que estuvieron encerrados Sona
90%
Hermano de Michael Scofield Lincoln Burrows
86%
Asesino, violador y depredador sexual Theodore Bagwell (T-Bag)
75%
Agente del FBI que les hizo la vida imposible en la segunda temporada Alex Mahone
68%
Oficial ____ _____ no se hacía nada en Fox River sin su consentimiento Brad Bellick
59%
Como se hace llamar el conjunto que les hace la vida imposible La Compañía
57%
Apodo que tiene Norman, "jefe" de Sona Lechero
55%
Benjamin Miles Franklin, alias... C-Note
51%
En que estado se encontraba Fox River Illinois
50%
Con que droga tuvo Sara Tancredi problemas en su pasado? Morfina
50%
Capo de la mafia que ayuda a Michael Scofield a escapar de la prision John Abruzzi
48%
Nombre del alcaide de Fox River Pope
37%
Ex-novia de Lincoln que hace de su abogada en la primera temporada Verónica Donovan
35%
Vicepresidenta / Presidenta de los Estados Unidos y cara pública de la organización Caroline Reynolds
26%
3ª Cárcel en la que estuvieron encerrados Ogigia
24%
General de la respuesta anterior General Krantz
23%
Poseidón, su nombre verdadero es... Jacob
23%
En que celda estaban Sucre y Scofield en la primera temporada Celda 40
15%
En que cárcel estuvo encerrada Sara Tancredi Centro Penitenciario de Miami
2%
No se encontraron pruebas coincidentes
Distribución de puntuación
Porcentaje de gente con cada puntuación
Porcentaje por número respondido
Historial de tus puntuaciones
No has intentado esta prueba.